000
00288nam a2200097Ia 4500
008
200302s9999 xx 000 0 und d
100
_a
Marvin Trachtenberg
245
_a
Architecture From Prehistory to Post- Modernism / the Western Tradition
260
_b
Academy Group. Ltd.
300
_a
606 P.,
999
_c
876
_d
876